[Event "Masters Tournament (MTO)"]
[Site "Biel, CH"]
[Date "2025.07.14"]
[Round "1"]
[White "Karthikeyan, Murali"]
[Black "Vihaan Dumir"]
[Result "1-0"]
[Board "1"]
[WhiteFideId "5074452"]
[BlackFideId "25901010"]
[WhiteTitle "GM"]
[BlackTitle "CM"]
[WhiteElo "2650"]
[BlackElo "2143"]
[WhiteTeam "IND"]
[BlackTeam "IND"]
[WhiteClock "0:35:57"]
[BlackClock "0:03:14"]
[Variant "Standard"]

1. Nf3 {[%clk 1:40:51]}  Nf6 {[%clk 1:40:34]} 2. b3 {[%clk 1:38:00]}  d5 {[%clk 1:40:45]} 3. Bb2 {[%clk 1:38:11]}  e6 {[%clk 1:41:11]} 4. c4 {[%clk 1:37:18]}  Bd6 {[%clk 1:40:37]} 5. g3 {[%clk 1:36:18]}  O-O {[%clk 1:40:54]} 6. Bg2 {[%clk 1:36:23]}  Re8 {[%clk 1:39:44]} 7. O-O {[%clk 1:33:52]}  b6 {[%clk 1:32:32]} 8. Nc3 {[%clk 1:28:36]}  Bb7 {[%clk 1:24:01]} 9. Rc1 {[%clk 1:22:39]}  dxc4 {[%clk 1:26:45]} 10. bxc4 {[%clk 1:21:08]}  c5 {[%clk 1:19:21]} 11. e3 {[%clk 1:04:09]}  Nc6 {[%clk 1:17:30]} 12. Qe2 {[%clk 1:14:44]}  e5 {[%clk 1:08:58]} 13. d3 {[%clk 1:12:47]}  Bf8 {[%clk 0:40:34]} 14. Nd2 {[%clk 1:02:52]}  Rb8 {[%clk 0:33:18]} 15. Nde4 {[%clk 1:02:15]}  Na5 {[%clk 0:24:32]} 16. Nxf6+ {[%clk 0:57:58]}  Qxf6 {[%clk 0:25:00]} 17. Nd5 {[%clk 0:58:14]}  Qd6 {[%clk 0:20:40]} 18. f4 {[%clk 0:58:10]}  Nc6 {[%clk 0:17:48]} 19. Be4 {[%clk 0:54:05]}  exf4 {[%clk 0:13:35]} 20. Rxf4 {[%clk 0:53:06]}  Ne5 {[%clk 0:12:42]} 21. Rcf1 {[%clk 0:49:24]}  Bxd5 {[%clk 0:04:16]} 22. Bxd5 {[%clk 0:46:48]}  Kh8 {[%clk 0:04:23]} 23. Bxf7 {[%clk 0:35:41]}  Qxd3 {[%clk 0:03:14]} 24. Bxe8 {[%clk 0:35:57]} 1-0

[Event "Masters Tournament (MTO)"]
[Site "Biel, CH"]
[Date "2025.07.14"]
[Round "1"]
[White "Hirzel, Cedric"]
[Black "Bok, Benjamin"]
[Result "0-1"]
[Board "2"]
[WhiteFideId "1341910"]
[BlackFideId "1017063"]
[BlackTitle "GM"]
[WhiteElo "2141"]
[BlackElo "2593"]
[WhiteTeam "SUI"]
[BlackTeam "NED"]
[WhiteClock "0:01:09"]
[BlackClock "0:00:52"]
[Variant "Standard"]

1. d4 {[%clk 1:40:55]}  Nf6 {[%clk 1:40:24]} 2. c4 {[%clk 1:39:18]}  e6 {[%clk 1:40:39]} 3. Nf3 {[%clk 1:39:32]}  b6 {[%clk 1:40:52]} 4. g3 {[%clk 1:39:10]}  Ba6 {[%clk 1:41:17]} 5. b3 {[%clk 1:38:34]}  Bb4+ {[%clk 1:41:41]} 6. Bd2 {[%clk 1:38:56]}  Be7 {[%clk 1:42:07]} 7. Bg2 {[%clk 1:39:15]}  O-O {[%clk 1:42:16]} 8. Bc3 {[%clk 1:39:02]}  d5 {[%clk 1:42:12]} 9. Ne5 {[%clk 1:37:36]}  c5 {[%clk 1:40:45]} 10. O-O {[%clk 1:29:41]}  Qc7 {[%clk 1:35:35]} 11. Nd2 {[%clk 1:21:26]}  Nbd7 {[%clk 1:16:06]} 12. Nxd7 {[%clk 1:16:52]}  Qxd7 {[%clk 1:16:16]} 13. Rc1 {[%clk 0:58:25]}  Rac8 {[%clk 1:03:25]} 14. dxc5 {[%clk 0:49:59]}  bxc5 {[%clk 1:02:32]} 15. Bxf6 {[%clk 0:32:25]}  Bxf6 {[%clk 1:01:57]} 16. cxd5 {[%clk 0:32:46]}  exd5 {[%clk 1:02:17]} 17. Ne4 {[%clk 0:32:58]}  Be7 {[%clk 0:55:06]} 18. Nc3 {[%clk 0:31:36]}  d4 {[%clk 0:52:15]} 19. Nd5 {[%clk 0:26:30]}  Bg5 {[%clk 0:45:45]} 20. f4 {[%clk 0:20:07]}  Bd8 {[%clk 0:43:29]} 21. Ne3 {[%clk 0:19:19]}  Qe6 {[%clk 0:26:48]} 22. Nc4 {[%clk 0:19:05]}  Re8 {[%clk 0:27:15]} 23. Bf3 {[%clk 0:18:32]}  g5 {[%clk 0:21:10]} 24. f5 {[%clk 0:15:25]}  Qf6 {[%clk 0:18:42]} 25. Qc2 {[%clk 0:11:07]}  Bb6 {[%clk 0:17:42]} 26. Qb2 {[%clk 0:09:31]}  Rc7 {[%clk 0:17:22]} 27. e4 {[%clk 0:06:16]}  Rce7 {[%clk 0:13:23]} 28. Rfe1 {[%clk 0:02:45]}  Kg7 {[%clk 0:11:47]} 29. Qd2 {[%clk 0:01:01]}  h6 {[%clk 0:08:39]} 30. Re2 {[%clk 0:01:19]}  Bc7 {[%clk 0:08:09]} 31. Qd3 {[%clk 0:00:56]}  Be5 {[%clk 0:04:47]} 32. Rec2 {[%clk 0:00:35]}  Bc7 {[%clk 0:02:18]} 33. Re2 {[%clk 0:00:58]}  Bb5 {[%clk 0:01:52]} 34. Rce1 {[%clk 0:00:54]}  Be5 {[%clk 0:00:40]} 35. Rc1 {[%clk 0:01:10]}  g4 {[%clk 0:00:38]} 36. Bxg4 {[%clk 0:00:36]}  Qg5 {[%clk 0:00:42]} 37. Rf1 {[%clk 0:00:32]}  Qxg4 {[%clk 0:01:00]} 38. Nxe5 {[%clk 0:00:52]}  Bxd3 {[%clk 0:00:41]} 39. Nxg4 {[%clk 0:00:54]}  Bxe2 {[%clk 0:00:47]} 40. f6+ {[%clk 0:01:09]}  Kg6 {[%clk 0:00:52]} 0-1

[Event "Masters Tournament (MTO)"]
[Site "Biel, CH"]
[Date "2025.07.14"]
[Round "1"]
[White "Pranesh M"]
[Black "Monteverde, Jonathan"]
[Result "1/2-1/2"]
[Board "3"]
[WhiteFideId "35028600"]
[BlackFideId "1314580"]
[WhiteTitle "GM"]
[WhiteElo "2592"]
[BlackElo "2127"]
[WhiteTeam "IND"]
[BlackTeam "SUI"]
[WhiteClock "0:56:55"]
[BlackClock "0:07:21"]
[Variant "Standard"]

1. Nf3 {[%clk 1:40:54]}  c5 {[%clk 1:40:52]} 2. b3 {[%clk 1:41:16]}  d5 {[%clk 1:39:44]} 3. Bb2 {[%clk 1:41:40]}  f6 {[%clk 1:39:41]} 4. e4 {[%clk 1:41:54]}  dxe4 {[%clk 1:35:09]} 5. Nh4 {[%clk 1:41:54]}  Nh6 {[%clk 1:29:00]} 6. Nc3 {[%clk 1:41:48]}  e5 {[%clk 1:04:59]} 7. Nxe4 {[%clk 1:40:14]}  Be6 {[%clk 1:02:47]} 8. f4 {[%clk 1:30:59]}  Be7 {[%clk 0:38:33]} 9. Bb5+ {[%clk 1:28:19]}  Nc6 {[%clk 0:37:50]} 10. Qe2 {[%clk 1:26:05]}  O-O {[%clk 0:36:06]} 11. Bxc6 {[%clk 1:24:20]}  bxc6 {[%clk 0:36:31]} 12. fxe5 {[%clk 1:14:31]}  f5 {[%clk 0:35:28]} 13. Nf6+ {[%clk 1:14:52]}  Kh8 {[%clk 0:31:25]} 14. Qh5 {[%clk 1:11:18]}  Rxf6 {[%clk 0:24:11]} 15. exf6 {[%clk 1:10:12]}  Bxf6 {[%clk 0:24:33]} 16. O-O-O {[%clk 1:06:11]}  Bf7 {[%clk 0:22:15]} 17. Qf3 {[%clk 1:06:07]}  Bxb2+ {[%clk 0:21:16]} 18. Kxb2 {[%clk 1:06:30]}  Qxh4 {[%clk 0:21:23]} 19. Qxc6 {[%clk 1:04:24]}  Qd4+ {[%clk 0:21:04]} 20. c3 {[%clk 1:02:54]}  Qd5 {[%clk 0:21:25]} 21. Qxd5 {[%clk 1:02:52]}  Bxd5 {[%clk 0:21:51]} 22. Rhg1 {[%clk 1:02:47]}  Re8 {[%clk 0:21:28]} 23. c4 {[%clk 1:02:43]}  Bc6 {[%clk 0:18:02]} 24. h4 {[%clk 0:50:16]}  Ng4 {[%clk 0:21:06]} 25. Rge1 {[%clk 0:33:37]}  Ne5 {[%clk 0:20:29]} 26. Kc3 {[%clk 0:31:29]}  Bxg2 {[%clk 0:20:21]} 27. a3 {[%clk 0:31:01]}  f4 {[%clk 0:11:48]} 28. d4 {[%clk 0:26:17]}  cxd4+ {[%clk 0:08:59]} 29. Rxd4 {[%clk 0:28:26]}  g5 {[%clk 0:09:01]} 30. hxg5 {[%clk 0:28:17]}  f3 {[%clk 0:09:20]} 31. Rd2 {[%clk 0:23:58]}  Kg7 {[%clk 0:09:40]} 32. c5 {[%clk 0:23:15]}  Kf7 {[%clk 0:09:56]} 33. Rg1 {[%clk 0:20:51]}  Nc6 {[%clk 0:08:59]} 34. Rgxg2 {[%clk 0:19:37]}  fxg2 {[%clk 0:09:23]} 35. Rxg2 {[%clk 0:20:05]}  Re3+ {[%clk 0:09:10]} 36. Kc4 {[%clk 0:20:09]}  Na5+ {[%clk 0:08:54]} 37. Kb4 {[%clk 0:20:16]}  Nxb3 {[%clk 0:08:41]} 38. c6 {[%clk 0:19:10]}  Nd4 {[%clk 0:07:25]} 39. c7 {[%clk 0:19:14]}  Nc6+ {[%clk 0:07:15]} 40. Kb5 {[%clk 0:16:01]}  Ne7 {[%clk 0:05:48]} 41. Rh2 {[%clk 0:16:10]}  Kg7 {[%clk 0:01:10]} 42. Ka6 {[%clk 0:15:22]}  Rxa3+ {[%clk 0:20:58]} 43. Kb7 {[%clk 0:45:42]}  Rc3 {[%clk 0:14:59]} 44. Re2 {[%clk 0:43:35]}  Nf5 {[%clk 0:13:59]} 45. Re6 {[%clk 0:42:52]}  a5 {[%clk 0:08:51]} 46. c8=Q {[%clk 0:42:33]}  Rxc8 {[%clk 0:09:14]} 47. Kxc8 {[%clk 0:43:02]}  a4 {[%clk 0:09:02]} 48. Kd7 {[%clk 0:43:06]}  a3 {[%clk 0:06:23]} 49. Ra6 {[%clk 0:43:30]}  Ng3 {[%clk 0:05:35]} 50. Rxa3 {[%clk 0:42:10]}  Ne4 {[%clk 0:05:52]} 51. Ke6 {[%clk 0:42:34]}  Kg6 {[%clk 0:05:53]} 52. Ke5 {[%clk 0:42:55]}  Nxg5 {[%clk 0:06:02]} 53. Ra6+ {[%clk 0:43:21]}  Kh5 {[%clk 0:04:46]} 54. Kf5 {[%clk 0:43:39]}  Nf3 {[%clk 0:04:47]} 55. Ra3 {[%clk 0:43:40]}  Nh4+ {[%clk 0:05:11]} 56. Kf6 {[%clk 0:44:06]}  Kg4 {[%clk 0:05:27]} 57. Ra7 {[%clk 0:44:19]}  h5 {[%clk 0:05:24]} 58. Ra4+ {[%clk 0:44:24]}  Kg3 {[%clk 0:05:45]} 59. Kg5 {[%clk 0:44:49]}  Nf3+ {[%clk 0:06:08]} 60. Kxh5 {[%clk 0:45:15]}  Ne5 {[%clk 0:05:50]} 61. Kg5 {[%clk 0:45:32]}  Nf3+ {[%clk 0:06:07]} 62. Kf5 {[%clk 0:46:00]}  Nh4+ {[%clk 0:06:19]} 63. Ke4 {[%clk 0:46:13]}  Kg4 {[%clk 0:06:31]} 64. Ra1 {[%clk 0:46:15]}  Nf3 {[%clk 0:06:18]} 65. Ra8 {[%clk 0:46:29]}  Ng5+ {[%clk 0:06:38]} 66. Ke3 {[%clk 0:46:53]}  Kf5 {[%clk 0:06:57]} 67. Ra4 {[%clk 0:47:08]}  Kf6 {[%clk 0:07:18]} 68. Ra5 {[%clk 0:47:22]}  Ne6 {[%clk 0:07:13]} 69. Rd5 {[%clk 0:47:47]}  Ng5 {[%clk 0:07:29]} 70. Kf4 {[%clk 0:48:11]}  Ne6+ {[%clk 0:07:52]} 71. Kg4 {[%clk 0:48:38]}  Ng7 {[%clk 0:07:35]} 72. Ra5 {[%clk 0:48:15]}  Ne6 {[%clk 0:07:56]} 73. Rf5+ {[%clk 0:49:21]}  Ke7 {[%clk 0:08:07]} 74. Rf2 {[%clk 0:49:37]}  Kd6 {[%clk 0:08:29]} 75. Kf5 {[%clk 0:50:03]}  Nd4+ {[%clk 0:08:35]} 76. Ke4 {[%clk 0:50:30]}  Ne6 {[%clk 0:08:39]} 77. Rf6 {[%clk 0:50:55]}  Ke7 {[%clk 0:08:56]} 78. Rh6 {[%clk 0:51:09]}  Ng5+ {[%clk 0:09:06]} 79. Kf5 {[%clk 0:51:34]}  Nf7 {[%clk 0:09:20]} 80. Rh7 {[%clk 0:51:57]}  Ke8 {[%clk 0:09:34]} 81. Kf6 {[%clk 0:51:55]}  Nd8 {[%clk 0:09:55]} 82. Re7+ {[%clk 0:51:19]}  Kf8 {[%clk 0:10:09]} 83. Re4 {[%clk 0:51:36]}  Nf7 {[%clk 0:10:03]} 84. Rh4 {[%clk 0:51:52]}  Ke8 {[%clk 0:09:52]} 85. Ra4 {[%clk 0:50:31]}  Nd8 {[%clk 0:10:13]} 86. Ra7 {[%clk 0:50:55]}  Nc6 {[%clk 0:09:56]} 87. Rc7 {[%clk 0:51:20]}  Nd8 {[%clk 0:10:20]} 88. Re7+ {[%clk 0:51:43]}  Kf8 {[%clk 0:10:44]} 89. Re1 {[%clk 0:52:09]}  Nf7 {[%clk 0:11:01]} 90. Ke6 {[%clk 0:52:13]}  Ke8 {[%clk 0:11:02]} 91. Re3 {[%clk 0:52:29]}  Nd8+ {[%clk 0:09:30]} 92. Kd6+ {[%clk 0:52:52]}  Kf8 {[%clk 0:09:29]} 93. Kd7 {[%clk 0:52:26]}  Nf7 {[%clk 0:09:51]} 94. Rg3 {[%clk 0:52:48]}  Ne5+ {[%clk 0:08:28]} 95. Ke6 {[%clk 0:53:10]}  Nc6 {[%clk 0:08:40]} 96. Rg5 {[%clk 0:53:13]}  Nd8+ {[%clk 0:08:53]} 97. Kd7 {[%clk 0:53:38]}  Nf7 {[%clk 0:09:12]} 98. Rf5 {[%clk 0:54:03]}  Kg7 {[%clk 0:09:19]} 99. Ke7 {[%clk 0:54:22]}  Nh8 {[%clk 0:09:02]} 100. Rg5 {[%clk 0:54:43]}  Ng6+ {[%clk 0:08:42]} 101. Ke6 {[%clk 0:55:08]}  Kh6 {[%clk 0:08:46]} 102. Kf5 {[%clk 0:55:28]}  Nh4+ {[%clk 0:06:58]} 103. Kf6 {[%clk 0:55:47]}  Nf3 {[%clk 0:06:41]} 104. Rg8 {[%clk 0:56:02]}  Kh5 {[%clk 0:06:58]} 105. Ra8 {[%clk 0:55:51]}  Nh4 {[%clk 0:07:07]} 106. Ra4 {[%clk 0:56:13]}  Nf3 {[%clk 0:07:11]} 107. Ra3 {[%clk 0:55:51]}  Nh4 {[%clk 0:07:31]} 108. Rg3 {[%clk 0:56:16]}  Kh6 {[%clk 0:07:38]} 109. Rg5 {[%clk 0:56:15]}  Nf3 {[%clk 0:07:50]} 110. Ra5 {[%clk 0:56:29]}  Nh4 {[%clk 0:08:06]} 111. Rc5 {[%clk 0:56:55]}  Nf3 {[%clk 0:07:21]} 1/2-1/2

[Event "Masters Tournament (MTO)"]
[Site "Biel, CH"]
[Date "2025.07.14"]
[Round "1"]
[White "Bai, Xue"]
[Black "Yilmaz, Mustafa"]
[Result "0-1"]
[Board "4"]
[WhiteFideId "8608717"]
[BlackFideId "6302718"]
[BlackTitle "GM"]
[WhiteElo "2124"]
[BlackElo "2586"]
[WhiteTeam "CHN"]
[BlackTeam "TUR"]
[WhiteClock "0:23:05"]
[BlackClock "0:11:20"]
[Variant "Standard"]

1. e4 {[%clk 1:40:57]}  c5 {[%clk 1:40:46]} 2. Nf3 {[%clk 1:41:20]}  d6 {[%clk 1:41:08]} 3. d4 {[%clk 1:41:45]}  cxd4 {[%clk 1:41:33]} 4. Nxd4 {[%clk 1:42:11]}  Nf6 {[%clk 1:41:55]} 5. Nc3 {[%clk 1:42:35]}  a6 {[%clk 1:42:22]} 6. h3 {[%clk 1:42:59]}  e6 {[%clk 1:42:40]} 7. g4 {[%clk 1:43:18]}  h6 {[%clk 1:42:51]} 8. Bg2 {[%clk 1:43:41]}  Be7 {[%clk 1:43:13]} 9. Be3 {[%clk 1:42:05]}  Nc6 {[%clk 1:42:52]} 10. a4 {[%clk 1:39:38]}  O-O {[%clk 1:31:37]} 11. O-O {[%clk 1:37:40]}  Nxd4 {[%clk 1:28:29]} 12. Bxd4 {[%clk 1:34:28]}  e5 {[%clk 1:27:40]} 13. Be3 {[%clk 1:34:52]}  Be6 {[%clk 1:28:02]} 14. Qd2 {[%clk 1:34:25]}  Rc8 {[%clk 1:21:59]} 15. Rfd1 {[%clk 1:32:11]}  Nd7 {[%clk 1:17:10]} 16. a5 {[%clk 1:27:28]}  Rc6 {[%clk 1:09:28]} 17. Na4 {[%clk 1:06:07]}  Qc7 {[%clk 0:56:25]} 18. Rdc1 {[%clk 1:18:32]}  Rc8 {[%clk 0:51:30]} 19. c3 {[%clk 1:14:03]}  Bg5 {[%clk 0:47:51]} 20. Bxg5 {[%clk 0:57:53]}  hxg5 {[%clk 0:48:19]} 21. b4 {[%clk 0:53:42]}  Bb3 {[%clk 0:44:16]} 22. Qxg5 {[%clk 0:44:29]}  Bxa4 {[%clk 0:43:21]} 23. Rxa4 {[%clk 0:44:56]}  Rxc3 {[%clk 0:43:45]} 24. Rd1 {[%clk 0:44:46]}  Nf8 {[%clk 0:42:09]} 25. Qd2 {[%clk 0:44:32]}  Ne6 {[%clk 0:42:27]} 26. Ra2 {[%clk 0:39:39]}  Nd4 {[%clk 0:41:05]} 27. Kh2 {[%clk 0:36:00]}  Qe7 {[%clk 0:38:35]} 28. Qe1 {[%clk 0:31:06]}  Qh4 {[%clk 0:32:24]} 29. Qf1 {[%clk 0:27:00]}  Nf3+ {[%clk 0:20:32]} 30. Kh1 {[%clk 0:24:51]}  Ng5 {[%clk 0:18:06]} 31. Kh2 {[%clk 0:24:42]}  Nxh3 {[%clk 0:12:05]} 32. Bxh3 {[%clk 0:23:31]}  Rf3 {[%clk 0:12:33]} 33. Rd3 {[%clk 0:22:37]}  Rc1 {[%clk 0:12:40]} 34. Rxf3 {[%clk 0:23:02]}  Rxf1 {[%clk 0:13:06]} 35. Rd2 {[%clk 0:23:05]}  Re1 {[%clk 0:11:20]} 0-1

[Event "Masters Tournament (MTO)"]
[Site "Biel, CH"]
[Date "2025.07.14"]
[Round "1"]
[White "Pranav Anand"]
[Black "Panda, Barnabas"]
[Result "1-0"]
[Board "5"]
[WhiteFideId "46626786"]
[BlackFideId "799556"]
[WhiteTitle "GM"]
[WhiteElo "2566"]
[BlackElo "2123"]
[WhiteTeam "IND"]
[BlackTeam "HUN"]
[WhiteClock "0:41:57"]
[BlackClock "0:06:27"]
[Variant "Standard"]

1. e4 {[%clk 1:40:22]}  e5 {[%clk 1:40:40]} 2. Nf3 {[%clk 1:40:45]}  Nf6 {[%clk 1:41:01]} 3. d4 {[%clk 1:38:13]}  Nxe4 {[%clk 1:41:08]} 4. Bd3 {[%clk 1:38:40]}  d5 {[%clk 1:41:21]} 5. dxe5 {[%clk 1:39:02]}  Nc5 {[%clk 1:38:14]} 6. O-O {[%clk 1:39:12]}  Be7 {[%clk 1:38:09]} 7. Be3 {[%clk 1:39:29]}  Nxd3 {[%clk 1:36:32]} 8. Qxd3 {[%clk 1:39:57]}  O-O {[%clk 1:35:55]} 9. Nc3 {[%clk 1:39:13]}  c6 {[%clk 1:28:46]} 10. h3 {[%clk 1:38:21]}  Be6 {[%clk 1:27:28]} 11. Ne2 {[%clk 1:35:23]}  Nd7 {[%clk 1:22:06]} 12. c3 {[%clk 1:28:25]}  Qc7 {[%clk 1:15:16]} 13. Bf4 {[%clk 1:30:48]}  c5 {[%clk 1:13:56]} 14. Rfe1 {[%clk 1:24:43]}  Rfd8 {[%clk 1:12:06]} 15. Ng3 {[%clk 1:24:32]}  Nf8 {[%clk 1:03:06]} 16. Rad1 {[%clk 1:19:39]}  Qb6 {[%clk 0:58:17]} 17. Rd2 {[%clk 1:16:13]}  a5 {[%clk 0:50:54]} 18. Bg5 {[%clk 1:13:38]}  Bxg5 {[%clk 0:49:49]} 19. Nxg5 {[%clk 1:13:44]}  h6 {[%clk 0:47:55]} 20. Nf3 {[%clk 1:11:45]}  a4 {[%clk 0:45:47]} 21. a3 {[%clk 1:04:59]}  Ng6 {[%clk 0:38:20]} 22. Qe3 {[%clk 1:03:53]}  Rd7 {[%clk 0:31:00]} 23. h4 {[%clk 1:00:09]}  Qc6 {[%clk 0:29:03]} 24. h5 {[%clk 0:59:04]}  Ne7 {[%clk 0:29:12]} 25. Qf4 {[%clk 0:57:48]}  b5 {[%clk 0:28:28]} 26. Ne2 {[%clk 0:55:47]}  Rad8 {[%clk 0:24:15]} 27. g4 {[%clk 0:51:35]}  d4 {[%clk 0:20:48]} 28. cxd4 {[%clk 0:51:38]}  Bd5 {[%clk 0:20:44]} 29. e6 {[%clk 0:49:45]}  Qxe6 {[%clk 0:16:26]} 30. Ne5 {[%clk 0:47:51]}  Rb7 {[%clk 0:10:17]} 31. dxc5 {[%clk 0:46:36]}  Nc6 {[%clk 0:09:12]} 32. Nd4 {[%clk 0:42:45]}  Nxd4 {[%clk 0:09:21]} 33. Rxd4 {[%clk 0:42:43]}  Re8 {[%clk 0:08:24]} 34. Re3 {[%clk 0:42:18]}  Rbe7 {[%clk 0:06:27]} 35. Ng6 {[%clk 0:41:57]} 1-0

[Event "Masters Tournament (MTO)"]
[Site "Biel, CH"]
[Date "2025.07.14"]
[Round "1"]
[White "Maria, Lia-Alexandra"]
[Black "Karthik Venkataraman"]
[Result "0-1"]
[Board "6"]
[WhiteFideId "1248952"]
[BlackFideId "25006479"]
[WhiteTitle "WFM"]
[BlackTitle "GM"]
[WhiteElo "2120"]
[BlackElo "2540"]
[WhiteTeam "ROU"]
[BlackTeam "IND"]
[WhiteClock "0:34:52"]
[BlackClock "1:23:37"]
[Variant "Standard"]

1. e4 {[%clk 1:40:46]}  c5 {[%clk 1:40:50]} 2. Nf3 {[%clk 1:41:08]}  Nc6 {[%clk 1:41:15]} 3. d4 {[%clk 1:41:25]}  cxd4 {[%clk 1:41:39]} 4. Nxd4 {[%clk 1:41:47]}  e5 {[%clk 1:40:19]} 5. Nb5 {[%clk 1:41:46]}  d6 {[%clk 1:40:42]} 6. N1c3 {[%clk 1:36:40]}  a6 {[%clk 1:40:50]} 7. Na3 {[%clk 1:37:04]}  Be6 {[%clk 1:40:45]} 8. Nc4 {[%clk 1:32:19]}  Rc8 {[%clk 1:41:06]} 9. Ne3 {[%clk 1:25:57]}  Nf6 {[%clk 1:41:03]} 10. Bd3 {[%clk 1:17:26]}  g6 {[%clk 1:40:08]} 11. O-O {[%clk 1:12:11]}  Bg7 {[%clk 1:40:25]} 12. Ned5 {[%clk 1:09:05]}  Bxd5 {[%clk 1:36:27]} 13. exd5 {[%clk 1:01:42]}  Ne7 {[%clk 1:36:07]} 14. Be2 {[%clk 1:01:22]}  O-O {[%clk 1:35:21]} 15. Be3 {[%clk 1:00:32]}  Qa5 {[%clk 1:34:21]} 16. Bf3 {[%clk 0:59:09]}  b5 {[%clk 1:32:57]} 17. Bg5 {[%clk 0:56:48]}  Qb6 {[%clk 1:26:20]} 18. Rc1 {[%clk 0:53:49]}  h6 {[%clk 1:25:23]} 19. Be3 {[%clk 0:50:46]}  Qc7 {[%clk 1:24:18]} 20. Qd2 {[%clk 0:47:08]}  Nf5 {[%clk 1:24:14]} 21. Nd1 {[%clk 0:45:36]}  Qb7 {[%clk 1:22:37]} 22. g4 {[%clk 0:45:00]}  Nh4 {[%clk 1:22:28]} 23. Bh1 {[%clk 0:44:02]}  Nxg4 {[%clk 1:22:49]} 24. f4 {[%clk 0:42:24]}  Nf5 {[%clk 1:22:25]} 25. fxe5 {[%clk 0:40:54]}  Nfxe3 {[%clk 1:22:36]} 26. Nxe3 {[%clk 0:41:14]}  Qb6 {[%clk 1:22:58]} 27. Rf3 {[%clk 0:37:03]}  Nxe5 {[%clk 1:23:09]} 28. Kf1 {[%clk 0:36:42]}  Nxf3 {[%clk 1:23:29]} 29. Bxf3 {[%clk 0:37:10]}  Qd4 {[%clk 1:19:31]} 30. Qf2 {[%clk 0:34:35]}  Rfe8 {[%clk 1:23:16]} 31. Re1 {[%clk 0:34:52]}  Qxb2 {[%clk 1:23:37]} 0-1

[Event "Masters Tournament (MTO)"]
[Site "Biel, CH"]
[Date "2025.07.14"]
[Round "1"]
[White "Sasikiran, Krishnan"]
[Black "Misiano, Franco"]
[Result "1-0"]
[Board "7"]
[WhiteFideId "5004985"]
[BlackFideId "804746"]
[WhiteTitle "GM"]
[BlackTitle "FM"]
[WhiteElo "2531"]
[BlackElo "2108"]
[WhiteTeam "IND"]
[BlackTeam "ITA"]
[WhiteClock "0:02:08"]
[BlackClock "0:22:54"]
[Variant "Standard"]

1. d4 {[%clk 1:40:50]}  Nf6 {[%clk 1:40:47]} 2. Nf3 {[%clk 1:40:22]}  d5 {[%clk 1:40:55]} 3. c4 {[%clk 1:40:21]}  c6 {[%clk 1:41:17]} 4. Nc3 {[%clk 1:39:07]}  e6 {[%clk 1:41:21]} 5. e3 {[%clk 1:36:27]}  Nbd7 {[%clk 1:41:06]} 6. Qc2 {[%clk 1:36:09]}  Bd6 {[%clk 1:41:04]} 7. Be2 {[%clk 1:35:35]}  O-O {[%clk 1:40:18]} 8. O-O {[%clk 1:32:32]}  b6 {[%clk 1:36:53]} 9. b3 {[%clk 1:27:38]}  Bb7 {[%clk 1:34:56]} 10. Bb2 {[%clk 1:26:15]}  Qe7 {[%clk 1:36:20]} 11. a4 {[%clk 1:24:08]}  a6 {[%clk 1:25:46]} 12. Rfe1 {[%clk 1:11:59]}  e5 {[%clk 1:19:00]} 13. cxd5 {[%clk 0:48:28]}  cxd5 {[%clk 1:18:32]} 14. dxe5 {[%clk 0:47:28]}  Nxe5 {[%clk 1:18:29]} 15. Nd4 {[%clk 0:44:29]}  g6 {[%clk 1:15:17]} 16. Rec1 {[%clk 0:33:31]}  Rac8 {[%clk 1:09:21]} 17. Qd1 {[%clk 0:37:36]}  Rfe8 {[%clk 1:02:44]} 18. Rc2 {[%clk 0:33:33]}  Ne4 {[%clk 1:02:31]} 19. Qf1 {[%clk 0:22:50]}  h5 {[%clk 0:53:39]} 20. Rac1 {[%clk 0:10:01]}  Ra8 {[%clk 0:48:37]} 21. h3 {[%clk 0:00:46]}  f5 {[%clk 0:37:20]} 22. Qe1 {[%clk 0:06:13]}  Rf8 {[%clk 0:35:36]} 23. f4 {[%clk 0:04:21]}  Nd7 {[%clk 0:35:08]} 24. Nxe4 {[%clk 0:05:08]}  fxe4 {[%clk 0:35:11]} 25. Rc7 {[%clk 0:03:52]}  Bxc7 {[%clk 0:31:46]} 26. Rxc7 {[%clk 0:03:20]}  Rab8 {[%clk 0:31:48]} 27. Qg3 {[%clk 0:02:20]}  Qd6 {[%clk 0:27:27]} 28. Nb5 {[%clk 0:01:53]}  axb5 {[%clk 0:24:20]} 29. Rxd7 {[%clk 0:02:13]}  Rf6 {[%clk 0:22:29]} 30. Rxd6 {[%clk 0:02:05]}  Rxd6 {[%clk 0:22:54]} 31. Be5 {[%clk 0:02:08]} 1-0

[Event "Masters Tournament (MTO)"]
[Site "Biel, CH"]
[Date "2025.07.14"]
[Round "1"]
[White "Perreard, Nicolas"]
[Black "Poh, Yu Tian"]
[Result "0-1"]
[Board "8"]
[WhiteFideId "1330861"]
[BlackFideId "5734088"]
[BlackTitle "IM"]
[WhiteElo "2100"]
[BlackElo "2458"]
[WhiteTeam "SUI"]
[BlackTeam "MAS"]
[WhiteClock "1:07:05"]
[BlackClock "0:05:02"]
[Variant "Standard"]

1. d4 {[%clk 1:40:57]}  Nf6 {[%clk 1:40:43]} 2. c4 {[%clk 1:41:19]}  e6 {[%clk 1:41:07]} 3. Nf3 {[%clk 1:41:43]}  d5 {[%clk 1:41:30]} 4. Nc3 {[%clk 1:42:09]}  Bb4 {[%clk 1:40:56]} 5. Bg5 {[%clk 1:42:24]}  h6 {[%clk 1:40:41]} 6. Bxf6 {[%clk 1:42:47]}  Qxf6 {[%clk 1:41:05]} 7. e3 {[%clk 1:42:59]}  O-O {[%clk 1:40:05]} 8. Be2 {[%clk 1:41:44]}  dxc4 {[%clk 1:33:06]} 9. Bxc4 {[%clk 1:41:46]}  b6 {[%clk 1:32:33]} 10. a3 {[%clk 1:41:32]}  Bxc3+ {[%clk 1:31:31]} 11. bxc3 {[%clk 1:41:58]}  Bb7 {[%clk 1:31:13]} 12. Be2 {[%clk 1:41:19]}  Nd7 {[%clk 1:22:16]} 13. a4 {[%clk 1:39:44]}  a5 {[%clk 1:11:31]} 14. O-O {[%clk 1:39:17]}  e5 {[%clk 1:10:03]} 15. Qb3 {[%clk 1:37:53]}  Qe7 {[%clk 0:57:19]} 16. Rfe1 {[%clk 1:30:03]}  Rae8 {[%clk 0:51:22]} 17. Nd2 {[%clk 1:26:53]}  Kh8 {[%clk 0:58:38]} 18. Bf3 {[%clk 1:25:07]}  e4 {[%clk 0:56:57]} 19. Be2 {[%clk 1:26:38]}  f5 {[%clk 0:54:21]} 20. Bb5 {[%clk 1:23:33]}  c6 {[%clk 0:45:49]} 21. Bf1 {[%clk 1:13:38]}  c5 {[%clk 0:35:29]} 22. Bb5 {[%clk 1:22:46]}  f4 {[%clk 0:26:29]} 23. exf4 {[%clk 1:22:21]}  Rxf4 {[%clk 0:26:43]} 24. d5 {[%clk 1:19:48]}  Ref8 {[%clk 0:18:56]} 25. Bxd7 {[%clk 1:21:55]}  Qxd7 {[%clk 0:19:09]} 26. c4 {[%clk 1:22:16]}  Qg4 {[%clk 0:14:31]} 27. Rxe4 {[%clk 1:17:10]}  Rxe4 {[%clk 0:13:53]} 28. f3 {[%clk 1:17:37]}  Rxf3 {[%clk 0:12:42]} 29. Qxf3 {[%clk 1:18:04]}  Rxc4 {[%clk 0:09:27]} 30. Nxc4 {[%clk 1:13:34]}  Qd4+ {[%clk 0:09:55]} 31. Ne3 {[%clk 1:13:52]}  Qxa1+ {[%clk 0:10:19]} 32. Kf2 {[%clk 1:14:10]}  Kg8 {[%clk 0:03:59]} 33. Qf4 {[%clk 1:11:20]}  Bxd5 {[%clk 0:05:53]} 34. Qb8+ {[%clk 1:11:29]}  Kh7 {[%clk 0:06:17]} 35. Qxb6 {[%clk 1:10:13]}  Qxa4 {[%clk 0:04:55]} 36. Qxc5 {[%clk 1:11:30]}  Be4 {[%clk 0:03:24]} 37. Qe7 {[%clk 1:09:58]}  Qd4 {[%clk 0:04:36]} 38. Qa3 {[%clk 1:09:42]}  Bd3 {[%clk 0:04:39]} 39. g3 {[%clk 1:08:55]}  a4 {[%clk 0:04:53]} 40. Kf3 {[%clk 1:08:26]}  Qf6+ {[%clk 0:04:41]} 41. Kg2 {[%clk 1:08:10]}  Be4+ {[%clk 0:04:48]} 42. Kg1 {[%clk 1:07:05]}  Qf3 {[%clk 0:05:02]} 0-1